000 00455nam a2200133Ia 4500
008 220216s9999 xx 000 0 und d
100 _aKarunaratne S W
245 0 _aTechniques used in the quality improvement of rubber wood and possibilities of further improvements by radiation curing
260 _bBulletin of the Rubber Research Institute of Sri Lanka
_c1989
300 _a23-29
650 _aRadiation curing
650 _aRubber wood
942 _cJS
999 _c70334
_d70334